Statystyki dla Skonfederowane Stany w wojnie secesyjnej

Kliknij tutaj aby rozwiązać quiz!

Ogólne statystyki

  • Ten quiz został rozwiązany 5 480 razy
  • Średni wynik to 6 z 11

Statystyki odpowiedzi

Stan% Poprawnych
Teksas
89%
Floryda
78%
Alabama
63%
Karolina Południowa
63%
Karolina Północna
61%
Georgia
54%
Luizjana
52%
Wirginia
48%
Missisipi
44%
Arkansas
36%
Tennessee
35%

Rozkład punktacji

Percentyl według liczby udzielonych odpowiedzi

Procent ludzi z każdym wynikiem

Twoja historia wyników

Nie rozwiązałeś tego quizu